Лабораторно-практические работы по специальной технологии для электромонтажников: учебное пособие

Chi tiết về thư mục
Tác giả chính: Семенов В. А. Виталий Алексеевич
Ngôn ngữ:Tiếng Nga
Được phát hành: Москва, Высшая школа, 1984
Loạt:Профессионально-техническое образование
Những chủ đề:
Định dạng: Sách
KOHA link:https://koha.lib.tpu.ru/cgi-bin/koha/opac-detail.pl?biblionumber=283484

MARC

LEADER 00000nam0a2200000 4500
001 283484
005 20231101235612.0
035 |a (RuTPU)RU\TPU\book\307566 
090 |a 283484 
100 |a 20150206d1984 m y0rusy50 ca 
101 0 |a rus 
102 |a RU 
105 |a a j 000zy 
200 1 |a Лабораторно-практические работы по специальной технологии для электромонтажников  |e учебное пособие  |f В. А. Семенов 
210 |a Москва  |c Высшая школа  |d 1984 
215 |a 79 с.  |c ил. 
225 1 |a Профессионально-техническое образование 
606 1 |a Электромонтажные работы  |2 stltpush  |3 (RuTPU)RU\TPU\subj\20281  |9 45391 
610 1 |a учебные пособия 
610 1 |a лабораторные работы 
610 1 |a методика 
610 1 |a схемы 
610 1 |a электробезопасность 
610 1 |a электрические провода 
610 1 |a расчет 
610 1 |a электродвигатели 
610 1 |a сборка 
675 |a 621.31.002.72(076.5)  |v 3 
700 1 |a Семенов  |b В. А.  |g Виталий Алексеевич 
801 1 |a RU  |b 63413507  |c 20150206 
801 2 |a RU  |b 63413507  |c 20170925  |g RCR 
942 |c BK